| 000 | 00708nam a2200205Ia 4500 | ||
|---|---|---|---|
| 003 | GCL | ||
| 005 | 20240530103946.0 | ||
| 008 | 140319s9999 xx 000 0 ara d | ||
| 040 |
_aGCL / _cGCL |
||
| 082 | 0 | 4 |
_a299.31 _bق/ب د |
| 100 | 1 | _aبدج، واليس | |
| 245 | 1 | 0 |
_aالديانة الفرعونية: افكار المصريين عن الحياة الاخرى / _cبدج، واليس ، ترجمة نهاد خياطة |
| 250 | _aط2 | ||
| 260 |
_aدمشق : _bدار علاء الدين ، _c1993 |
||
| 300 |
_a206 ص ؛ _c19 سم |
||
| 650 | 0 | 4 | _aالحضارة الفرعونية |
| 650 | 0 | 4 | _aالديانات القديمة |
| 700 | 1 |
_aنهاد خياطة _eمترجم |
|
| 942 |
_2ddc _cBK |
||
| 999 |
_c43730 _d43730 |
||